000 00367nam a22001577a 4500
003 OSt
005 20250628160751.0
008 250628b |||||||| |||| 00| 0 eng d
020 _a978-93-5532-470-2
040 _cIIMT UNIVERSITY
100 _aHILTON, RONALD.W
245 _aMANAGERIAL ACCOUNTING
260 _aDELHI
_bTMH
_c2023
300 _a844
942 _2ddc
_c01
999 _c65718
_d65718